000 00604nam a22002297a 4500
003 UA-OsUOA
001 90711
007 ta
008 20121119b un ||||| |||| 00| 0 ukr d
100 _aНечай М.
090 _a821.161.2
_bН59
942 _cBK
040 _aUA-OsUOA
_bukr
_cUA-OsUOA
_dUA-OsUOA
245 _aСхідний бастіон
_bроман. повість
300 _a598 с.
955 _a3
041 _aukr
080 _a821.161.2
260 _aК.
_bДніпро
_c1989
650 7 _a82 Література. Літературознавство
_2UDC
999 _c376988
_d376988